[Event "I Festival A"]
[Site "Lido degli Estensi - Comacchio ITA"]
[Date "2000.06.01"]
[Round "6"]
[White "Frank, Albert"]
[Black "Razuvaev, Yuri S."]
[Result "0-1"]
[WhiteElo "2029"]
[BlackElo "2548"]
[PlyCount "54"]
[EventDate "2000.05.27"]

1. Nf3 Nf6 2. c4 e6 3. g3 d5 4. b3 c5 5. Bg2 d4 6. d3 Nc6 7. O-O Be7 8. e4 e5
9. Nbd2 Bg4 10. h3 Bd7 11. a3 Qc7 12. Re1 O-O 13. Ra2 a6 14. Qe2 b5 15. Nh4 g6
16. cxb5 axb5 17. Rc2 Be6 18. Qf3 Qd7 19. g4 Nxg4 20. Nf5 Nf6 21. Nxe7+ Qxe7
22. b4 Nd7 23. bxc5 Rfc8 24. Rb2 Qxc5 25. Qd1 Nb6 26. Re2 Na4 27. Rc2 Nc3 0-1

[Event "I Festival A"]
[Site "Lido degli Estensi - Comacchio ITA"]
[Date "2000.06.01"]
[Round "6"]
[White "Insabato, Giovanbattista"]
[Black "Dell'Accio, Cataldo"]
[Result "1/2-1/2"]
[WhiteElo "2175"]
[BlackElo "2101"]
[PlyCount "82"]
[EventDate "2000.05.27"]

1. d4 g6 2. c4 Bg7 3. Nc3 Nc6 4. Nf3 d6 5. h3 e5 6. dxe5 Nxe5 7. Nxe5 Bxe5 8.
e4 Ne7 9. Bg5 h6 10. Be3 Bd7 11. Qd2 Nc8 12. O-O-O Bc6 13. c5 Qf6 14. Bb5 Bxb5
15. Nxb5 Qe7 16. Rhe1 a6 17. Nc3 dxc5 18. Bxc5 Bf4 19. Qxf4 Qxc5 20. Rd8+ Kxd8
21. Qf6+ Kd7 22. Qxh8 Nb6 23. Rd1+ Ke6 24. Qxh6 Qxf2 25. Qg5 Qf6 26. Qg4+ Ke7
27. Qg3 Rc8 28. e5 Qf5 29. Qe3 g5 30. Qc5+ Ke8 31. Qd4 Kf8 32. a4 Qf4+ 33. Qxf4
gxf4 34. Rd4 Re8 35. a5 Nc8 36. Rb4 b6 37. axb6 cxb6 38. Rxf4 Rxe5 39. Rc4 Ne7
40. Kd2 b5 41. Rd4 Rc5 1/2-1/2

[Event "I Festival A"]
[Site "Lido degli Estensi - Comacchio ITA"]
[Date "2000.06.01"]
[Round "6"]
[White "Ortega, Lexy"]
[Black "Mrdja, Milan"]
[Result "1-0"]
[WhiteElo "2479"]
[BlackElo "2425"]
[PlyCount "135"]
[EventDate "2000.05.27"]

1. d4 e6 2. Nf3 Nf6 3. Bf4 d5 4. e3 Be7 5. c4 O-O 6. Nc3 c6 7. Qc2 b6 8. Be2
Nbd7 9. O-O Bb7 10. cxd5 exd5 11. h3 Re8 12. a3 Nf8 13. Ne5 Bd6 14. Bh2 N6d7
15. Nxd7 Bxh2+ 16. Kxh2 Qxd7 17. b4 Rac8 18. Kg1 Qe7 19. Bg4 Rcd8 20. Qa4 a6
21. Rab1 g6 22. Qb3 f5 23. Bf3 Ne6 24. Na4 b5 25. Nb2 Ng5 26. Nd3 Kh8 27. Qd1
Rd6 28. Rc1 Nf7 29. Rc3 Rg8 30. g3 Rf6 31. Bg2 g5 32. Qc1 Qe8 33. Re1 h5 34.
Kh2 h4 35. gxh4 gxh4 36. Nf4 Ng5 37. Qd1 Rh6 38. Rg1 Ne6 39. Qf3 Ng5 40. Qe2
Ne6 41. Qf3 Ng5 42. Qd1 Qb8 43. Kh1 Bc8 44. Rxc6 Rxc6 45. Bxd5 Bb7 46. Bxc6
Bxc6+ 47. d5 Qe8 48. Qd4+ Kh7 49. dxc6 Qxc6+ 50. Qd5 Qxd5+ 51. Nxd5 Ne4 52.
Rxg8 Kxg8 53. Ne7+ Kf7 54. Nxf5 Nxf2+ 55. Kg2 Nd1 56. Kf3 Nb2 57. Nd4 Nc4 58.
Nc2 Ke6 59. Kg4 Ke5 60. Kxh4 Ke4 61. Kg5 Kd3 62. Nd4 Kxe3 63. Nc6 Ke4 64. h4
Kd5 65. Nd8 Nxa3 66. h5 a5 67. h6 axb4 68. h7 1-0

[Event "I Festival A"]
[Site "Lido degli Estensi - Comacchio ITA"]
[Date "2000.06.01"]
[Round "6"]
[White "Pegoraro, Nicola"]
[Black "Renier, Renzo"]
[Result "1-0"]
[WhiteElo "2060"]
[BlackElo "1917"]
[PlyCount "53"]
[EventDate "2000.05.27"]

1. e4 e5 2. Nf3 Nc6 3. d4 exd4 4. Bc4 Bc5 5. c3 Qe7 6. O-O d6 7. cxd4 Bb6 8. h3
Nf6 9. Nc3 Na5 10. Bd3 Nc6 11. Nd5 Qd8 12. Nxb6 axb6 13. Bg5 Ra5 14. e5 dxe5
15. dxe5 Nxe5 16. Re1 Qd6 17. Qe2 Nfd7 18. Rad1 Kf8 19. Bb5 Nxf3+ 20. Qxf3 Qg6
21. Be7+ Kg8 22. Bxd7 Bxd7 23. Rxd7 h6 24. Rd8+ Kh7 25. Rxh8+ Kxh8 26. a3 Rb5
27. Bb4 1-0

[Event "I Festival A"]
[Site "Lido degli Estensi - Comacchio ITA"]
[Date "2000.06.01"]
[Round "6"]
[White "Pienabarca, Nicola"]
[Black "Aleksic, Nenad"]
[Result "0-1"]
[WhiteElo "2030"]
[BlackElo "2405"]
[PlyCount "64"]
[EventDate "2000.05.27"]

1. d4 Nf6 2. c4 e6 3. Nc3 Bb4 4. Qc2 O-O 5. a3 Bxc3+ 6. Qxc3 b6 7. Bg5 Ba6 8.
e3 d6 9. Bd3 Nbd7 10. Ne2 c5 11. dxc5 Nxc5 12. Bc2 Rc8 13. Bxf6 Qxf6 14. Qxf6
gxf6 15. b3 Rfd8 16. Rd1 Kf8 17. O-O d5 18. Rd4 dxc4 19. bxc4 Rxd4 20. exd4 Nb7
21. Bd3 Bxc4 22. Rc1 Nd6 23. Bxc4 Rxc4 24. Rxc4 Nxc4 25. a4 a6 26. Nc3 Nd6 27.
Kf1 Nf5 28. a5 bxa5 29. Na4 Nxd4 30. Nc5 Ke7 31. Nxa6 Kd6 32. Ke1 Nc2+ 0-1

[Event "I Festival A"]
[Site "Lido degli Estensi - Comacchio ITA"]
[Date "2000.06.01"]
[Round "6"]
[White "Straub, Peter"]
[Black "Aglietti, Graziano"]
[Result "0-1"]
[WhiteElo "2126"]
[BlackElo "2051"]
[PlyCount "52"]
[EventDate "2000.05.27"]

1. d4 Nf6 2. Nf3 g6 3. Nbd2 d5 4. c4 c6 5. Ne5 Bg7 6. e3 O-O 7. Bd3 c5 8. dxc5
Qc7 9. f4 Na6 10. Nb3 Nxc5 11. Nxc5 Qxc5 12. O-O dxc4 13. Bxc4 b5 14. Bb3 Bf5
15. g4 Be4 16. g5 Rad8 17. Qxd8 Rxd8 18. gxf6 Bxf6 19. Nxf7 Rd3 20. Nh6+ Kh8
21. Ng4 Bh4 22. Nf2 Bxf2+ 23. Rxf2 Qh5 24. Bd2 Qg4+ 25. Kf1 Rxb3 26. axb3 Bd3+
0-1

[Event "I Festival A"]
[Site "Lido degli Estensi - Comacchio ITA"]
[Date "2000.06.01"]
[Round "6"]
[White "Wagman, Stuart"]
[Black "Genocchio, Daniele"]
[Result "0-1"]
[WhiteElo "2188"]
[BlackElo "2245"]
[PlyCount "62"]
[EventDate "2000.05.27"]

1. e4 c5 2. Nf3 Nc6 3. d4 cxd4 4. Nxd4 Nf6 5. Nc3 e5 6. Ndb5 d6 7. Bg5 a6 8.
Na3 b5 9. Nd5 Be7 10. Bxf6 Bxf6 11. c3 Bg5 12. Nc2 O-O 13. a4 bxa4 14. Rxa4 a5
15. Bb5 Bb7 16. O-O Nb8 17. Bc4 Nd7 18. Qe2 Nc5 19. Ra2 a4 20. Ncb4 Kh8 21. Nd3
Nb3 22. Rd1 f5 23. exf5 Rc8 24. N3b4 Nc1 25. Rxc1 Bxc1 26. Rxa4 Bxb2 27. Na2
Bxd5 28. Bxd5 Bxc3 29. Qh5 Bd4 30. Ra3 Qf6 31. g4 g6 0-1

[Event "I Festival A"]
[Site "Lido degli Estensi - Comacchio ITA"]
[Date "2000.06.02"]
[Round "7"]
[White "Aglietti, Graziano"]
[Black "Dragojlovic, Andjelko"]
[Result "1/2-1/2"]
[WhiteElo "2051"]
[BlackElo "2437"]
[PlyCount "55"]
[EventDate "2000.05.27"]

1. e4 c5 2. c3 g6 3. d4 cxd4 4. cxd4 d5 5. exd5 Nf6 6. Bb5+ Nbd7 7. Nc3 Bg7 8.
d6 exd6 9. Qe2+ Kf8 10. Bf4 Nb6 11. Nf3 a6 12. Bd3 h6 13. h3 Nfd5 14. Bg3 Nb4
15. O-O Be6 16. d5 N6xd5 17. Bxg6 Rc8 18. Nxd5 Bxd5 19. Bf5 Rc6 20. Rfe1 Bxf3
21. gxf3 Be5 22. Bxe5 dxe5 23. Qxe5 Rg8+ 24. Kh1 Rg5 25. Qh8+ Rg8 26. Qe5 Rg5
27. Qh8+ Rg8 28. Qe5 1/2-1/2

[Event "I Festival A"]
[Site "Lido degli Estensi - Comacchio ITA"]
[Date "2000.06.02"]
[Round "7"]
[White "Dell'Accio, Cataldo"]
[Black "Pienabarca, Nicola"]
[Result "1/2-1/2"]
[WhiteElo "2101"]
[BlackElo "2030"]
[PlyCount "87"]
[EventDate "2000.05.27"]

1. Nf3 Nf6 2. e3 g6 3. d4 Bg7 4. Bd3 d5 5. Nbd2 O-O 6. O-O Nc6 7. Re1 Nb4 8.
Bb5 c6 9. Ba4 Bg4 10. h3 Bxf3 11. Nxf3 Ne4 12. c3 Na6 13. Bc2 f5 14. Bd3 Nb8
15. c4 e6 16. cxd5 exd5 17. Nd2 Nd7 18. Bxe4 fxe4 19. Qb3 Qb6 20. Qd1 c5 21.
Nb3 c4 22. Nd2 Qe6 23. Nb1 Rf7 24. Re2 b5 25. Bd2 a5 26. Qe1 Qb6 27. b4 axb4
28. Bxb4 Bf8 29. Rb2 Bxb4 30. Qxb4 Raf8 31. Nc3 Qe6 32. Nxb5 g5 33. Qd6 Qf5 34.
Nc3 Nf6 35. Qe5 Qd7 36. Rab1 g4 37. hxg4 Nxg4 38. Qg5+ Kh8 39. Rb7 Qf5 40. Rxf7
Qxf7 41. Qxg4 Qxf2+ 42. Kh2 Qxe3 43. Rb7 Qh6+ 44. Qh3 1/2-1/2

[Event "I Festival A"]
[Site "Lido degli Estensi - Comacchio ITA"]
[Date "2000.06.02"]
[Round "7"]
[White "Djuric, Stefan"]
[Black "Efimov, Igor"]
[Result "1/2-1/2"]
[WhiteElo "2491"]
[BlackElo "2537"]
[PlyCount "22"]
[EventDate "2000.05.27"]

1. Nf3 Nf6 2. c4 c6 3. g3 d5 4. Qc2 g6 5. Bg2 Bg7 6. O-O O-O 7. d3 a5 8. Bf4
Na6 9. Na3 Nh5 10. Bd2 e5 11. Rad1 h6 1/2-1/2

[Event "I Festival A"]
[Site "Lido degli Estensi - Comacchio ITA"]
[Date "2000.06.02"]
[Round "7"]
[White "Marchini, Massimo"]
[Black "Frank, Albert"]
[Result "1-0"]
[WhiteElo "2187"]
[BlackElo "2029"]
[PlyCount "57"]
[EventDate "2000.05.27"]

1. d4 Nf6 2. c4 e6 3. Nf3 b6 4. g3 Bb7 5. Bg2 Be7 6. O-O O-O 7. Nc3 d6 8. Qc2
Nbd7 9. e4 e5 10. d5 a5 11. Rb1 Nc5 12. b3 Bc8 13. Ne1 Ne8 14. f4 f5 15. fxe5
fxe4 16. Rxf8+ Bxf8 17. e6 Nf6 18. Nxe4 Ncxe4 19. Bxe4 Nxe4 20. Qxe4 Be7 21.
Bb2 a4 22. b4 a3 23. Bd4 Qf8 24. Nd3 g6 25. Rf1 Qh6 26. Qf3 Qf8 27. Qe3 Qd8 28.
Rf7 Bg5 29. Rg7+ 1-0

[Event "I Festival A"]
[Site "Lido degli Estensi - Comacchio ITA"]
[Date "2000.06.02"]
[Round "7"]
[White "Martinovic, Slobodan"]
[Black "Godena, Michele"]
[Result "1/2-1/2"]
[WhiteElo "2448"]
[BlackElo "2487"]
[PlyCount "111"]
[EventDate "2000.05.27"]

1. e4 e5 2. Nf3 Nc6 3. d4 exd4 4. Nxd4 Bc5 5. Nxc6 Qf6 6. Qd2 dxc6 7. Nc3 Ne7
8. Qf4 Qe6 9. Bd3 Ng6 10. Qg3 O-O 11. Be3 Bxe3 12. Qxe3 f5 13. f3 f4 14. Qf2
Ne5 15. O-O-O Qe7 16. Kb1 b5 17. Ne2 a6 18. Nc1 c5 19. Be2 c4 20. Rd5 Bb7 21.
Qc5 Rae8 22. Qxe7 Rxe7 23. Rd4 Rf6 24. Rhd1 Rh6 25. h3 Kf7 26. Bf1 g5 27. Ne2
Rf6 28. Nc3 h5 29. a4 Bc6 30. axb5 axb5 31. b3 b4 32. Na2 cxb3 33. cxb3 Bd7 34.
Rxb4 g4 35. hxg4 hxg4 36. Be2 gxf3 37. gxf3 Rg6 38. Nc3 Rg2 39. Rh1 c6 40. Rb7
Kf6 41. b4 Reg7 42. Rh6+ R7g6 43. Rh4 Kg5 44. Rh7 Be6 45. b5 cxb5 46. Rxb5 Kf6
47. Rh4 Kg5 48. Rh8 Kf6 49. Rf8+ Nf7 50. Kc1 Rf2 51. Rc5 Ke7 52. Rb8 Rg1+ 53.
Kd2 Ng5 54. Rc7+ Kf6 55. Rf8+ Ke5 56. Rc5+ 1/2-1/2

[Event "I Festival A"]
[Site "Lido degli Estensi - Comacchio ITA"]
[Date "2000.06.02"]
[Round "7"]
[White "Mauro, Alan"]
[Black "Pegoraro, Nicola"]
[Result "1-0"]
[WhiteElo "2231"]
[BlackElo "2060"]
[PlyCount "87"]
[EventDate "2000.05.27"]

1. e4 c5 2. Nf3 d6 3. d4 cxd4 4. Nxd4 Nf6 5. Nc3 a6 6. Bd3 g6 7. O-O Bg7 8. Kh1
O-O 9. f4 b5 10. Nf3 Bb7 11. Qe1 Nfd7 12. Qh4 e6 13. Qh3 b4 14. Nd1 Nc5 15. Nf2
Nbd7 16. Bd2 a5 17. Rae1 Rc8 18. Bc1 Nxd3 19. cxd3 Rc2 20. d4 Ba6 21. f5 Bxf1
22. Rxf1 exf5 23. exf5 Qe7 24. Re1 Re2 25. Rf1 Rc8 26. Ng4 h5 27. Nh6+ Kf8 28.
fxg6 Rxc1 29. Rxc1 Bxh6 30. Rf1 Nf6 31. gxf7 Qxf7 32. Nh4 Qe6 33. Qg3 Ke8 34.
Nf5 Bf8 35. h3 Kd7 36. Qd3 Qe4 37. Qb5+ Ke6 38. d5+ Ke5 39. Nh4 Qxh4 40. Qxe2+
Qe4 41. Qxe4+ Kxe4 42. Rxf6 Bg7 43. Rxd6 Bxb2 44. Ra6 1-0

[Event "I Festival A"]
[Site "Lido degli Estensi - Comacchio ITA"]
[Date "2000.06.02"]
[Round "7"]
[White "Razuvaev, Yuri S."]
[Black "Genocchio, Daniele"]
[Result "1/2-1/2"]
[WhiteElo "2548"]
[BlackElo "2245"]
[PlyCount "38"]
[EventDate "2000.05.27"]

1. d4 g6 2. c4 Bg7 3. Nc3 c5 4. d5 d6 5. Nf3 e6 6. dxe6 Bxe6 7. Bf4 Nc6 8. e3
Qa5 9. Nd2 Nge7 10. Be2 O-O 11. O-O Ne5 12. Bg5 f6 13. Bf4 Rad8 14. e4 Rd7 15.
Nd5 Qd8 16. Nb3 f5 17. exf5 Nxf5 18. Qd2 Qe8 19. Rad1 Qf7 1/2-1/2

[Event "I Festival A"]
[Site "Lido degli Estensi - Comacchio ITA"]
[Date "2000.06.02"]
[Round "7"]
[White "Renier, Renzo"]
[Black "Turuncic, Bojan"]
[Result "1-0"]
[WhiteElo "1917"]
[BlackElo "1841"]
[PlyCount "57"]
[EventDate "2000.05.27"]

1. e4 c5 2. Nf3 d6 3. d4 cxd4 4. Nxd4 Nf6 5. Nc3 a6 6. Bg5 e6 7. f4 Be7 8. Qf3
Qc7 9. O-O-O O-O 10. g4 Nc6 11. h4 Nxd4 12. Rxd4 b5 13. Bg2 Rb8 14. Rhd1 Rb6
15. Qe2 e5 16. Bxf6 gxf6 17. Nd5 Qd8 18. fxe5 fxe5 19. R4d3 Rc6 20. g5 Be6 21.
Rf1 Bxd5 22. exd5 Rc4 23. Be4 Qa5 24. Bxh7+ Kxh7 25. Qh5+ Kg8 26. g6 Rxc2+ 27.
Kxc2 Qa4+ 28. Kb1 Qxh4 29. gxf7+ 1-0

[Event "I Festival A"]
[Site "Lido degli Estensi - Comacchio ITA"]
[Date "2000.06.02"]
[Round "7"]
[White "Ricci, Alfredo"]
[Black "Bondielli, Giorgio"]
[Result "1-0"]
[WhiteElo "2093"]
[BlackElo "1747"]
[PlyCount "79"]
[EventDate "2000.05.27"]

1. e4 e5 2. Nf3 Nf6 3. Nc3 Bb4 4. a3 Bxc3 5. bxc3 O-O 6. d3 d5 7. Qe2 c5 8. g3
Nc6 9. Bg2 Bg4 10. O-O Qd7 11. Bg5 dxe4 12. dxe4 Nh5 13. Rfd1 Qe6 14. Rd5 f5
15. Rad1 Qg6 16. Rd6 Bxf3 17. Qc4+ Qf7 18. Qxf7+ Rxf7 19. Bxf3 Nf6 20. exf5 e4
21. Be2 Ne5 22. Bf4 Re7 23. h3 Nf7 24. g4 Nxd6 25. Bxd6 Rd7 26. Bxc5 Rxd1+ 27.
Bxd1 Rd8 28. Be2 b6 29. Bc4+ Nd5 30. Bd4 Kf8 31. Bb3 Nf4 32. Kh2 Ne2 33. Be5
Nc1 34. Be6 Rd2 35. Kg1 Rxc2 36. g5 Ne2+ 37. Kf1 Nxc3 38. Bd6+ Ke8 39. f6 gxf6
40. gxf6 1-0

[Event "I Festival A"]
[Site "Lido degli Estensi - Comacchio ITA"]
[Date "2000.06.02"]
[Round "7"]
[White "Ruzza, Claudio"]
[Black "Barbieri, Giovanni"]
[Result "1/2-1/2"]
[WhiteElo "1911"]
[BlackElo "2103"]
[PlyCount "120"]
[EventDate "2000.05.27"]

1. d4 Nf6 2. Bf4 d6 3. e3 g6 4. h3 Bg7 5. Nf3 O-O 6. Be2 b6 7. O-O Bb7 8. Nbd2
Nbd7 9. Bh2 c5 10. c3 Re8 11. a4 a6 12. Qb1 Rc8 13. Rd1 cxd4 14. exd4 d5 15.
Bd3 e6 16. Re1 Nb8 17. Qd1 Nc6 18. Qe2 Ra8 19. Bf4 Nd7 20. Ne5 Ndxe5 21. dxe5
Qd7 22. Nf3 Rec8 23. Qe3 Na5 24. Qxb6 Nc4 25. Bxc4 Rxc4 26. Nd4 Bf8 27. Qb3
Rac8 28. Qd1 Rb8 29. Bd2 Ba8 30. b3 Rc7 31. Qe2 Bc5 32. Rab1 Bxd4 33. cxd4 Rc2
34. Rec1 Qc6 35. Qd1 Rc8 36. Rxc2 Qxc2 37. Qxc2 Rxc2 38. Bh6 Bc6 39. Kf1 f5 40.
Rc1 Rxc1+ 41. Bxc1 Kf7 42. Ke2 Ke8 43. Ba3 h5 44. h4 Kd7 45. Bc5 Kd8 46. Kd3
Kc8 47. Kc3 Kb7 48. Kb4 Be8 49. Ka5 Bd7 50. b4 Be8 51. b5 axb5 52. axb5 Bd7 53.
b6 Bc6 54. Kb4 Be8 55. Kc3 Bc6 56. Kd2 Kc8 57. Ke3 Kd7 58. Kf4 Ke8 59. Kg5 Kf7
60. g3 Bb7 1/2-1/2

[Event "I Festival A"]
[Site "Lido degli Estensi - Comacchio ITA"]
[Date "2000.06.02"]
[Round "7"]
[White "Timoscenko, Gennadij A."]
[Black "Davies, Nigel R."]
[Result "1/2-1/2"]
[WhiteElo "2519"]
[BlackElo "2497"]
[PlyCount "22"]
[EventDate "2000.05.27"]

1. d4 d6 2. e4 g6 3. Nf3 Bg7 4. Be2 Nf6 5. Nc3 O-O 6. O-O Bg4 7. h3 Bxf3 8.
Bxf3 Nc6 9. d5 Nb8 10. a4 a5 11. Be3 Nfd7 1/2-1/2

[Event "I Festival A"]
[Site "Lido degli Estensi - Comacchio ITA"]
[Date "2000.06.02"]
[Round "7"]
[White "Wagman, Stuart"]
[Black "Diotallevi, Maurizio"]
[Result "1/2-1/2"]
[WhiteElo "2188"]
[BlackElo "1921"]
[PlyCount "45"]
[EventDate "2000.05.27"]

1. e4 e6 2. d4 d5 3. Nc3 Bb4 4. e5 c5 5. a3 Bxc3+ 6. bxc3 Ne7 7. Nf3 Qa5 8. Bd2
Nbc6 9. Rb1 Qc7 10. Bd3 Bd7 11. O-O c4 12. Be2 O-O 13. Bf4 Ng6 14. Bg3 Nce7 15.
h3 Rfb8 16. Bh2 Nc6 17. h4 h6 18. h5 Nf8 19. Qd2 Qa5 20. Ra1 Nh7 21. Rfe1 Qd8
22. Bg3 Ne7 23. Bh4 1/2-1/2

[Event "I Festival A"]
[Site "Lido degli Estensi - Comacchio ITA"]
[Date "2000.06.03"]
[Round "8"]
[White "Barbieri, Giovanni"]
[Black "Renier, Renzo"]
[Result "1-0"]
[WhiteElo "2103"]
[BlackElo "1917"]
[PlyCount "63"]
[EventDate "2000.05.27"]

1. e4 e5 2. Nf3 Nc6 3. Bb5 a6 4. Ba4 Nf6 5. O-O Be7 6. Bxc6 bxc6 7. Nxe5 Nxe4
8. Re1 Nf6 9. d4 Bb7 10. Bg5 O-O 11. c4 d6 12. Ng4 Bc8 13. h3 Bxg4 14. hxg4 Re8
15. Nc3 Nd7 16. Bf4 Rb8 17. b3 Nf8 18. Qd2 Ne6 19. Be3 Rf8 20. Re2 g6 21. Rae1
Bg5 22. Ne4 Bxe3 23. Qxe3 d5 24. cxd5 cxd5 25. Nc3 Rb4 26. Rd2 Re8 27. Rde2 c6
28. Na4 Qf6 29. Qc3 Rxd4 30. Qxc6 Rd8 31. Nc5 Nf4 32. Qxf6 1-0

[Event "I Festival A"]
[Site "Lido degli Estensi - Comacchio ITA"]
[Date "2000.06.03"]
[Round "8"]
[White "Bondielli, Giorgio"]
[Black "Turuncic, Bojan"]
[Result "1-0"]
[WhiteElo "1747"]
[BlackElo "1841"]
[PlyCount "55"]
[EventDate "2000.05.27"]

1. e4 c5 2. d4 cxd4 3. c3 d5 4. exd5 Qxd5 5. cxd4 Nf6 6. Nc3 Qd8 7. Nf3 e6 8.
Bg5 Be7 9. Bc4 O-O 10. O-O a6 11. Qe2 Nbd7 12. Rfd1 Re8 13. Rac1 b5 14. Bb3 Bb7
15. Ne5 Nd5 16. Bxe7 Nxc3 17. Rxc3 Qxe7 18. Rc7 Bc8 19. Rdc1 Rb8 20. Nc6 Qf8
21. Nxb8 Nxb8 22. Ra7 Qd6 23. Qe5 Qxe5 24. dxe5 Bd7 25. Rcc7 Rd8 26. Ra8 Be8
27. Rb7 Rc8 28. f3 1-0

[Event "I Festival A"]
[Site "Lido degli Estensi - Comacchio ITA"]
[Date "2000.06.03"]
[Round "8"]
[White "Davies, Nigel R."]
[Black "Naumkin, Igor"]
[Result "1/2-1/2"]
[WhiteElo "2497"]
[BlackElo "2498"]
[PlyCount "29"]
[EventDate "2000.05.27"]

1. c4 e5 2. g3 Nf6 3. Bg2 c6 4. d4 exd4 5. Qxd4 d5 6. Nf3 Be7 7. cxd5 cxd5 8.
O-O O-O 9. Nc3 Nc6 10. Qa4 Qb6 11. Qb5 d4 12. Qxb6 axb6 13. Nb5 Rd8 14. Rd1 Bc5
15. Bg5 1/2-1/2

[Event "I Festival A"]
[Site "Lido degli Estensi - Comacchio ITA"]
[Date "2000.06.03"]
[Round "8"]
[White "Diotallevi, Maurizio"]
[Black "Ricci, Alfredo"]
[Result "1-0"]
[WhiteElo "1921"]
[BlackElo "2093"]
[PlyCount "103"]
[EventDate "2000.05.27"]

1. d4 c5 2. d5 Nf6 3. c4 b5 4. cxb5 a6 5. bxa6 Bxa6 6. Nc3 g6 7. g3 d6 8. e4
Bxf1 9. Kxf1 Bg7 10. Kg2 O-O 11. Nf3 Nbd7 12. Re1 Qb6 13. h3 Rfb8 14. e5 dxe5
15. Nxe5 Nxe5 16. Rxe5 Qd6 17. Re2 Rb7 18. Bf4 Qd7 19. Rc1 Rd8 20. Rd2 Rb4 21.
Be3 c4 22. Bc5 Rb7 23. Qe2 e6 24. Qxc4 exd5 25. Qa4 Qxa4 26. Nxa4 Ne4 27. Re2
f5 28. f3 Nxc5 29. Rxc5 d4 30. Rd2 Re7 31. Rc1 Bh6 32. f4 g5 33. Rcd1 gxf4 34.
gxf4 Re4 35. Nc5 Re3 36. Rxd4 Re2+ 37. Kg3 Rxb2 38. a4 Kf7 39. Rd7+ Kg6 40.
R7d6+ Kg7 41. Ne6+ Kf7 42. Nxd8+ Kg7 43. Ne6+ Kf7 44. a5 Rb3+ 45. Kh4 Ke7 46.
Rb6 Ra3 47. a6 Ra4 48. Nc5 Ra5 49. Rxh6 Rxc5 50. Kg5 Kf7 51. Rxh7+ Kg8 52. Rb7
1-0

[Event "I Festival A"]
[Site "Lido degli Estensi - Comacchio ITA"]
[Date "2000.06.03"]
[Round "8"]
[White "Dragojlovic, Andjelko"]
[Black "Dell'Accio, Cataldo"]
[Result "1-0"]
[WhiteElo "2437"]
[BlackElo "2101"]
[PlyCount "67"]
[EventDate "2000.05.27"]

1. e4 g6 2. d4 Bg7 3. Nf3 d6 4. Nc3 Nc6 5. h3 e5 6. dxe5 Nxe5 7. Nxe5 Bxe5 8.
Bc4 Be6 9. Bxe6 fxe6 10. Qd3 Qd7 11. O-O Ne7 12. Bh6 Nc6 13. a3 Bg7 14. Be3 O-O
15. f4 Rf7 16. Rad1 Raf8 17. e5 d5 18. Ne4 Rd8 19. Nc5 Qc8 20. Qb5 a6 21. Qxb7
Qxb7 22. Nxb7 Rb8 23. Nc5 Rxb2 24. Nxe6 Rxc2 25. Rxd5 Rc3 26. Bc5 h6 27. Re1
Kh7 28. h4 a5 29. Red1 Nb8 30. Rd8 Na6 31. Bd4 Rxa3 32. Nxg7 c5 33. e6 Rc7 34.
Be5 1-0

[Event "I Festival A"]
[Site "Lido degli Estensi - Comacchio ITA"]
[Date "2000.06.03"]
[Round "8"]
[White "Martinovic, Slobodan"]
[Black "Mauro, Alan"]
[Result "1-0"]
[WhiteElo "2448"]
[BlackElo "2231"]
[PlyCount "91"]
[EventDate "2000.05.27"]

1. Nf3 Nf6 2. d4 g6 3. g3 Bg7 4. Bg2 O-O 5. O-O d6 6. c4 Nc6 7. Nc3 a6 8. Re1
Rb8 9. Rb1 e5 10. d5 Nd4 11. Nd2 Bf5 12. e4 Bg4 13. f3 Bd7 14. Nb3 Nxb3 15.
Qxb3 Nh5 16. Be3 b6 17. Ne2 f5 18. exf5 gxf5 19. f4 Kh8 20. Qc2 Nf6 21. Kh1 Qe8
22. fxe5 dxe5 23. c5 Qh5 24. c6 f4 25. cxd7 fxe3 26. Rf1 Ng4 27. h3 Nf2+ 28.
Kh2 Rbd8 29. Nc3 Rxd7 30. Rbe1 Rdf7 31. Qe2 Qxe2 32. Rxe2 Bh6 33. Rc1 b5 34. a3
Nd3 35. Rd1 Nc5 36. d6 cxd6 37. Rxd6 Rf6 38. Rd5 Nb3 39. Rxe5 Nd4 40. Re1 Rf2
41. Kg1 Rxg2+ 42. Kxg2 Rf2+ 43. Kh1 Nf3 44. Re8+ Kg7 45. Re2 Rf1+ 46. Kg2 1-0

[Event "I Festival A"]
[Site "Lido degli Estensi - Comacchio ITA"]
[Date "2000.06.03"]
[Round "8"]
[White "Pegoraro, Nicola"]
[Black "Straub, Peter"]
[Result "1-0"]
[WhiteElo "2060"]
[BlackElo "2126"]
[PlyCount "53"]
[EventDate "2000.05.27"]

1. e4 c5 2. Nf3 Nc6 3. d4 cxd4 4. Nxd4 g6 5. Be2 Nf6 6. Nc3 d6 7. O-O Bg7 8.
Be3 O-O 9. Kh1 Ng4 10. Bxg4 Bxg4 11. Nxc6 Bxd1 12. Nxd8 Bxc2 13. Nxb7 a5 14.
Rac1 Bd3 15. Rfd1 Bxc3 16. Rxd3 Bxb2 17. Rb1 Bg7 18. a4 Rfc8 19. Rd5 Bc3 20.
Rc1 Rc4 21. Bd2 Rac8 22. Bxc3 Rxc3 23. Rxc3 Rxc3 24. g3 Rb3 25. Rb5 Rxb5 26.
axb5 a4 27. Na5 1-0

[Event "I Festival A"]
[Site "Lido degli Estensi - Comacchio ITA"]
[Date "2000.06.03"]
[Round "8"]
[White "Pienabarca, Nicola"]
[Black "Wagman, Stuart"]
[Result "1/2-1/2"]
[WhiteElo "2030"]
[BlackElo "2188"]
[PlyCount "34"]
[EventDate "2000.05.27"]

1. d4 d5 2. Nf3 Nf6 3. c4 dxc4 4. Nc3 c5 5. d5 e6 6. e4 exd5 7. e5 Nfd7 8. Qxd5
Nb6 9. Qxd8+ Kxd8 10. Bg5+ Be7 11. O-O-O+ Ke8 12. Nb5 Na6 13. Bxe7 Kxe7 14. Nd6
Rd8 15. Nxc4 Rxd1+ 16. Kxd1 Be6 17. Nxb6 axb6 1/2-1/2

[Event "I Festival A"]
[Site "Lido degli Estensi - Comacchio ITA"]
[Date "2000.06.04"]
[Round "9"]
[White "Davies, Nigel R."]
[Black "Martinovic, Slobodan"]
[Result "0-1"]
[WhiteElo "2497"]
[BlackElo "2448"]
[PlyCount "74"]
[EventDate "2000.05.27"]

1. d4 Nf6 2. c4 g6 3. Nf3 Bg7 4. g3 O-O 5. Bg2 c6 6. O-O d6 7. h3 Bf5 8. b3 a5
9. Bb2 Na6 10. Nbd2 Qc8 11. Kh2 c5 12. Qc1 a4 13. dxc5 Qxc5 14. Bd4 Qc7 15. Qb2
e5 16. Bc3 Ne4 17. Nxe4 Bxe4 18. b4 Bxf3 19. Bxf3 Qxc4 20. Rac1 Qb5 21. Rfd1
Qb6 22. e3 Nc7 23. Qd2 Rad8 24. Ba1 Rd7 25. Qc2 Ra8 26. a3 h5 27. h4 f5 28. Kg2
d5 29. e4 Rad8 30. exf5 e4 31. Be2 gxf5 32. Bxh5 Bxa1 33. Rxa1 Qh6 34. Be2 f4
35. Kh2 Rg7 36. Bf1 Rf8 37. Kh3 e3 0-1

[Event "I Festival A"]
[Site "Lido degli Estensi - Comacchio ITA"]
[Date "2000.06.04"]
[Round "9"]
[White "Djuric, Stefan"]
[Black "Ortega, Lexy"]
[Result "1/2-1/2"]
[WhiteElo "2491"]
[BlackElo "2479"]
[PlyCount "39"]
[EventDate "2000.05.27"]

1. c4 c5 2. g3 Nc6 3. Bg2 g6 4. Nc3 Bg7 5. Nf3 e5 6. O-O Nge7 7. a3 a5 8. d3 d6
9. Bg5 f6 10. Be3 Rb8 11. Rb1 O-O 12. Ne1 Be6 13. Nc2 b6 14. b4 cxb4 15. axb4
d5 16. cxd5 Nxd5 17. Bxd5 Bxd5 18. bxa5 bxa5 19. Rxb8 Nxb8 20. Nxd5 1/2-1/2

[Event "I Festival A"]
[Site "Lido degli Estensi - Comacchio ITA"]
[Date "2000.06.04"]
[Round "9"]
[White "Mauro, Alan"]
[Black "Diotallevi, Maurizio"]
[Result "1/2-1/2"]
[WhiteElo "2231"]
[BlackElo "1921"]
[PlyCount "56"]
[EventDate "2000.05.27"]

1. Nf3 Nf6 2. b3 b6 3. Bb2 Bb7 4. e3 e6 5. Be2 Be7 6. O-O O-O 7. d4 d5 8. Nbd2
Nbd7 9. c4 c5 10. Rc1 Rc8 11. Ne5 cxd4 12. exd4 Ne4 13. Nxd7 Qxd7 14. Nf3 Rfd8
15. Bd3 Nf6 16. Ne5 Qe8 17. Qf3 Qf8 18. Ba1 Rc7 19. Qh3 Rdc8 20. Rfe1 g6 21.
Re3 Qg7 22. Rce1 Nd7 23. f4 Nxe5 24. fxe5 Bf8 25. Rf1 Qh6 26. Bb2 Qxh3 27. Rxh3
Rd7 28. Kf2 Rdc7 1/2-1/2